Most Popular Sports by Country - Statistics

General Stats
  • This quiz has been taken 6,091 times
  • The average score is 167 of 183
Answer Stats
Hint Answer % Correct
Albania | Algeria | Andorra | +134 others Soccer
96%
United States American Football
95%
Australia Australian Rules Football
93%
Afghanistan | Antigua and Barbuda | Bahamas | +15 others Cricket
88%
Canada | Finland Ice Hockey
86%
Cuba | Dominican Republic | Japan | +4 others Baseball
85%
Latvia | Lithuania | Philippines Basketball
85%
Fiji | Kiribati | Micronesia | +3 others Rugby
78%
China Table Tennis
49%
Austria | Estonia Skiing
46%
Mongolia Wrestling
40%
Cambodia | Laos Kick Boxing
27%
Ireland Gaelic Football
24%
Bhutan Archery
23%
No matching quizzes found
Score Distribution
Percent of People with Each Score
Percentile by Number Answered
Your Score History
You have not taken this quiz